00213nam a22000857a 4500082000800000100001900008245003400027260005500061300001100116 a297 aAhmed, Zufiqar aIlm Ki Pyass /cZufiqar Ahmed 6Faisalabad :aMatabe-ul-Faqeer Publication,b2011. a355 p.